| 000 | 00382pam a2200157a 44500 | ||
|---|---|---|---|
| 008 | 230515b1974 xxu||||| |||| 00| 0 eng d | ||
| 020 | _aNULL | ||
| 041 | _aENGLISH | ||
| 082 | _a630 | ||
| 100 | _a7468-1974 | ||
| 245 | _aRECOMMENDATIONS ON PREFERRED STROKES FOR MECHANICAL AND HYDRAULIC PRESSES | ||
| 250 | _a0 | ||
| 260 |
_aDELHI _bISI _c1974 |
||
| 300 | _a23 | ||
| 650 | _aNULL | ||
| 999 |
_c652181 _d652181 |
||